Quiz Marseillais asian tour - aux caraibes - Statistiques

Statistiques générales
  • Ce quiz a été pris 238 fois
  • Le résultat moyen est 42 sur 65
Statistiques - réponses
Saison Perso % Correct
Les marseillais asian tour Julien
99%
Les marseillais va le reste du monde Julien
99%
Les marseillais aux caraibes julien
99%
Les marseillais asian tour jess
95%
Les marseillais asian tour paga
93%
Les marseillais va le reste du monde paga
93%
Les marseillais aux caraibes paga
93%
Les marseillais asian tour carla
92%
Les marseillais vs le reste du monde carla
92%
Les marseillais aux caraibes carla
92%
Les marseillais asian tour kevin
92%
Les marseillais va le reste du monde kevin
92%
Les marseillais aux caraïbe kevin
92%
Les marseillais asian tour greg
89%
Les marseillais vs le reste du monde greg
89%
les marseillais aux caraibes greg
89%
Les marseillais asian tour maeva
89%
Les marseillais vs le reste du monde maeva
89%
les marseillais aux caraibes maeva
89%
Les marseillais asian tour benji
86%
Les marseillais vs le reste du monde benji
86%
les marseillais aux caraibes benji
86%
Les marseillais asian tour Manon
86%
Les marseillais vs le reste du monde manon
86%
les marseillais aux caraibes manon
86%
Les marseillais asian tour alix
81%
Les marseillais vs le reste du monde alix
81%
les marseillais aux caraibes alix
81%
les marseillais aux caraibes oceane
80%
Les marseillais asian tour jessica
76%
les marseillais aux caraibes jessica
76%
les marseillais aux caraibes victoria
75%
Les marseillais asian tour nacca
73%
Les marseillais vs le reste du monde nacca
73%
les marseillais aux caraibes nacca
73%
Les marseillais asian tour thibault
71%
les marseillais aux caraibes thibault
71%
les marseillais aux caraibes nicolas
70%
Les marseillais vs le reste du monde laura
68%
Les marseillais vs le reste du monde nikola
68%
les marseillais aux caraibes eloise
60%
Les marseillais vs le reste du monde milla
59%
les marseillais aux caraibes allan
55%
les marseillais aux caraibes Maissane
55%
Les marseillais asian tour ness
55%
Les marseillais vs le reste du monde ness
55%
Les marseillais asian tour adixia
48%
Les marseillais vs le reste du monde anthony
42%
Les marseillais asian tour trystana
39%
Les marseillais vs le reste du monde hilona
38%
les marseillais aux caraibes cassandre
37%
Les marseillais vs le reste du monde Melanie
36%
Les marseillais vs le reste du monde camille
34%
Les marseillais vs le reste du monde illan
31%
Les marseillais asian tour tressia
30%
Les marseillais asian tour vincent
30%
Les marseillais vs le reste du monde sebastien
25%
Les marseillais asian tour julien bert
24%
Les marseillais asian tour jordan
23%
Les marseillais vs le reste du monde Anissa
16%
Les marseillais vs le reste du monde dita
14%
Les marseillais vs le reste du monde guirado
8%
les marseillais aux caraibes nico tanti
8%
Les marseillais vs le reste du monde johnatan
6%
Les marseillais vs le reste du monde nethanya
1%
Aucun quiz correspondant
Distribution des résultats
% des personnes avec chaque résultat
Percentile par nombre de réponses
Votre historique - résultats
Vous n’avez pas pris ce quiz